[Event "118th SUI-ch 2018"]
[Site "Lenzerheide"]
[Date "2018.07.20"]
[Round "9"]
[White "Georgiadis, Nico"]
[Black "Gallagher, Joseph G"]
[Result "0-1"]
[WhiteElo "2526"]
[BlackElo "2434"]
[Annotator "TA"]
[PlyCount "60"]
[EventDate "2018.07.12"]
[EventType "tourn"]
[EventCountry "SUI"]
[SourceTitle "playchess.com"]
[Source "ChessBase"]
[SourceQuality "1"]

{[%evp 21,60,15,10,6,5,-31,-42,-33,-35,-53,-39,-82,-80,-80,-77,-77,-77,-79,-73,-79,-72,-92,-89,-85,-83,-149,-127,-170,-175,-179,-145,-223,-193,-248,-200,-252,-233,-238,-229,-416,-394]} 1. e4 c5 2. Nf3 d6 3. d4 cxd4 4. Nxd4 Nf6 5. Nc3 a6 6. g3 e5 7. Nde2 b5 8. Bg2 Bb7 9. h3 Nbd7 10. g4 Nc5 11. Ng3 {B91: Sicilian Najdorf: 6 g3} g6 {LiveBook: 12 Games} 12. Be3 (12. O-O Be7 13. Bh6 b4 14. Nd5 Nxd5 15. exd5 Bg5 16. Bxg5 Qxg5 17. f4 exf4 18. Qd4 O-O 19. Rxf4 {1-0 (27) Zhang,Z (2658)-Wu,S (2531) Tianjing 2003}) 12... h5 $146 ({Predecessor:} 12... Ne6 13. Qd2 Bg7 14. Rd1 Rc8 15. g5 Nd7 16. Qxd6 Nd4 17. Bxd4 exd4 18. Nce2 Be5 {½-½ (80) Stanojoski,Z (2485)-Zufic,M (2439) Zupanja 2009}) 13. Bxc5 {The position is equal.} dxc5 14. g5 b4 15. Qxd8+ Rxd8 16. Na4 Nd7 17. h4 Bc6 $36 {[%mdl 2048] Black is on the roll.} 18. b3 f6 19. gxf6 Bxa4 20. bxa4 Nxf6 21. Bf1 {[#]} a5 $1 22. Bd3 Bh6 23. a3 ({White should try} 23. Rd1) 23... O-O $17 24. axb4 cxb4 25. f3 Kh7 26. Ke2 (26. Kf2 $17) 26... Rc8 $19 27. Nf1 (27. Rhd1 {was necessary.}) 27... Rc3 28. Ne3 Bxe3 $1 29. Kxe3 Nd7 30. Kf2 $2 {[#]} (30. Rhg1 {might work better.}) 30... Nc5 {Precision: White = 46%, Black = 98%.} 0-1

[Event "118th SUI-ch 2018"]
[Site "Lenzerheide"]
[Date "2018.07.20"]
[Round "9"]
[White "Kurmann, Oliver"]
[Black "Bogner, Sebastian"]
[Result "0-1"]
[WhiteElo "2451"]
[BlackElo "2605"]
[Annotator "TA"]
[PlyCount "108"]
[EventDate "2018.07.12"]
[EventType "tourn"]
[EventCountry "SUI"]
[SourceTitle "playchess.com"]
[Source "ChessBase"]
[SourceQuality "1"]

{[%evp 19,108,2,3,0,0,0,0,0,0,0,0,0,0,0,0,0,0,0,0,0,0,0,0,0,0,-15,-2,0,-8,-7,0,-2,0,-6,0,0,0,-3,0,0,0,0,0,0,16,0,0,0,0,0,0,0,0,0,0,0,0,-36,-36,-38,-42,-42,-23,-25,-5,-8,-7,-43,-45,-38,-39,-252,-32,-32,-10,-50,0,-25,0,-51,-43,-85,-93,-101,-117,-29983,-29984,-29985,-29986,-29994,-29986]} 1. e4 e5 2. Nf3 Nf6 3. Nxe5 d6 4. Nf3 Nxe4 5. d3 Nf6 6. d4 d5 7. Bd3 Bd6 8. Qe2+ Be6 {C01: Französische Verteidigung (Abtauschvariante)} (8... Qe7 9. Qxe7+ Kxe7 10. O-O h6 11. Re1+ Be6 12. Nh4 Kd8 13. Nf5 Bxf5 14. Bxf5 Nc6 15. c3 Re8 16. Rxe8+ Kxe8 17. Be3 Ne7 {½-½ (87) Delgado Ramirez,N (2613)-Cori Tello,J (2659) Montevideo 2018}) 9. Ng5 Qe7 10. Nxe6 fxe6 {LiveBook: 3 Partien. Die Stellung ist ausgeglichen.} 11. Nd2 $146 ({Vorgänger:} 11. O-O Nc6 12. c3 e5 13. dxe5 Qxe5 14. Qxe5+ Nxe5 15. Bc2 O-O 16. Nd2 {1-0 (45) Blomqvist,E (2505)-Westerberg,J (2517) Ronneby 2018}) 11... Nc6 12. Nf3 O-O 13. O-O e5 14. dxe5 Nxe5 15. Nxe5 Bxe5 16. Bf4 Rae8 17. Bxe5 Qxe5 18. Qxe5 Rxe5 19. Rfe1 Ng4 20. Rxe5 Nxe5 $11 {[%mdl 4096] Endspiel KTL-KTS} 21. Rd1 c6 22. c3 g5 23. f3 Kg7 24. Be2 h6 25. Rd4 Rf4 26. Rd2 Kf7 27. Kf2 Rh4 28. Kg1 Ke6 29. g3 Ra4 30. a3 c5 31. Kf2 Nc6 32. Bd1 Ra6 33. Bb3 Ne7 34. Re2+ Kf6 35. f4 gxf4 36. gxf4 Rd6 37. Kf3 d4 38. cxd4 Nf5 39. Kg4 Nxd4 40. Rd2 $1 Rd7 {Droht ...Tg7+ und aus.} 41. Bc2 Re7 42. Kh5 Re3 43. Rg2 Ne6 44. Rf2 b6 {[%cal Bb7b6,Bb6b5][%mdl 32]} 45. f5 $2 {[#]} (45. Kg4 $15) 45... Nd4 $2 (45... Rh3+ $1 $19 46. Kg4 Ng5) 46. h4 $15 Rg3 47. Be4 Re3 48. Bc2 Rg3 49. Be4 b5 50. Rh2 a5 51. Kxh6 Rg4 52. Bb1 $2 {[%mdl 8192] [#]} (52. Bb7 $17) 52... Nf3 {Schwarz setzt Matt.} 53. Rh3 Ne5 54. Rh1 c4 {Precision: Weiß = 53%, Schwarz = 59%.} 0-1

[Event "118th SUI-ch 2018"]
[Site "Lenzerheide"]
[Date "2018.07.20"]
[Round "9"]
[White "Jenni, Florian"]
[Black "Studer, Noel"]
[Result "1-0"]
[WhiteElo "2447"]
[BlackElo "2484"]
[Annotator "TA"]
[PlyCount "123"]
[EventDate "2018.07.12"]
[EventType "tourn"]
[EventCountry "SUI"]
[SourceTitle "playchess.com"]
[Source "ChessBase"]
[SourceQuality "1"]

{[%evp 24,123,0,-30,-20,-14,0,0,0,0,0,0,1,-41,-28,-25,-27,-32,0,0,0,0,0,0,8,0,0,0,0,-57,-63,-146,-59,-489,-522,-522,-522,-522,-522,-504,-458,-521,-518,-29988,-29989,-29989,0,0,358,358,358,358,358,358,358,238,241,230,230,215,215,209,208,179,202,104,292,287,377,394,350,348,346,354,504,461,505,448,511,337,536,528,572,486,700,685,634,620,1089,794,771,795,872,763,1396,1217,29986,29986,29984,2172,1944,1944]} 1. e4 e6 2. d4 d5 3. Nc3 Nf6 4. Bg5 dxe4 5. Nxe4 Be7 6. Bxf6 gxf6 7. Nf3 f5 8. Nc3 a6 {C13: French: Classical System: 4 Bg5 Be7, Alekhine-Chatard Attack} 9. g3 (9. Qd2 b5 10. O-O-O b4 11. Na4 Qd5 12. b3 Bd7 13. Bc4 Qd6 14. d5 e5 15. Rhe1 e4 16. Nd4 {1-0 (40) Carlsen,M (2832)-Grischuk,A (2750) chess.com INT 2017}) 9... b5 10. Bg2 Bb7 11. O-O c5 12. dxc5 Bxc5 13. Ne5 {LiveBook: 3 Games} Bxg2 14. Kxg2 {[#] Black must now prevent Qxd8+.} Qc7 $146 ({Predecessor:} 14... Nd7 15. Nxd7 Qxd7 16. Qf3 {½-½ (29) Kovchan,A (2576)-Shankland,S (2661) Biel 2016}) 15. Qf3 {And now Nxf7 would win.} Ra7 16. Rfe1 O-O 17. Rad1 Be7 18. Nxf7 Rxf7 19. Rxe6 Bf8 20. Nd5 Qxc2 21. Nf6+ Kh8 22. Rd8 Nd7 23. Nd5 Qc5 24. b4 Qd4 25. Nf4 Qg7 26. Qd5 (26. Ree8 $11) 26... Nf6 $1 $15 {[%cal Rf6d5,Bd7f6,Bf6g8,Bg8h6][%mdl 32]} 27. Qxf5 (27. Qf3 $15) 27... Rac7 (27... Nh5 $17 28. Qxh5 Rxf4) 28. Rxa6 $2 {[%mdl 8192]} (28. Qe5 $1 $15) 28... Ng8 $19 29. Qxb5 {Threatens to win with Ne6.} Rxf4 30. Qe2 Rcf7 31. Raa8 Nh6 32. Kf1 Rxb4 33. Qe8 (33. Rab8 $19 Rxb8 34. Rxb8) 33... Rb1+ 34. Kg2 {[#]} Qg8 $2 (34... Rxf2+ $1 {[%mdl 512] mates} 35. Kxf2 Qf6+ 36. Ke3 Ng4+ 37. Kd3 Qf5+ 38. Qe4 Nf2+ 39. Kd2 Nxe4+ 40. Kc2 Nf2+ 41. Kc3 Rc1+ 42. Kd2 Rc2+ 43. Ke1 Qe4+ 44. Kf1 Qh1#) 35. Qe5+ $11 Bg7 $2 {[%mdl 8192]} (35... Qg7 $11 {and Black stays safe.} 36. Rxf8+ Rxf8 37. Rxf8+ Ng8) 36. Rxg8+ $18 Nxg8 37. Qd5 Rbb7 38. a4 Rbd7 39. Qa2 Bd4 40. f4 Kg7 41. a5 Nf6 {intending ...Rb7.} 42. a6 Be3 {White should prevent ...Rd2+.} 43. Qa5 {[%cal Ra5g5]} Rd5 {[#]} 44. Qc3 (44. Qe1 $1 $18 {[%cal Re1e3]} Ba7 45. Rc8) 44... Re7 $2 (44... Bd4 $16 45. Qa3 Ba7) 45. Rb8 Bd4 46. Qc4 Rdd7 47. Rb7 Ba7 48. Qb5 Kf7 (48... Rxb7 $142 49. axb7 Bb8) 49. Rxd7 Rxd7 50. Kf3 Re7 51. Qb3+ Kg7 (51... Ke8 $142 52. Qb5+ Nd7) 52. g4 {[%cal Bg3g4,Bg4g5][%mdl 32]} Nd7 53. g5 Nc5 (53... h6 $142 54. Qc3+ Kg8 55. gxh6 Kh7 56. Qd3+ Kh8) 54. Qc3+ Kg8 55. f5 Rd7 {Hoping for ...Rd3+.} 56. Qc4+ Kf8 57. h4 Rd6 58. Kg4 Rxa6 59. Qd5 Ra3 60. Qd8+ Kf7 61. f6 (61. Qc7+ $142 Ke8 62. f6 Ra4+ 63. Kh5 Re4 64. Qxa7 Re5 65. Qb8+ Kd7 66. Qxe5) 61... Ra4+ 62. Kh5 {Precision: White = 46%, Black = 48%.} 1-0

[Event "118th SUI-ch 2018"]
[Site "Lenzerheide"]
[Date "2018.07.20"]
[Round "9"]
[White "Ekstroem, Roland"]
[Black "Gaehwiler, Gabriel"]
[Result "1/2-1/2"]
[WhiteElo "2381"]
[BlackElo "2419"]
[Annotator "TA"]
[PlyCount "89"]
[EventDate "2018.07.12"]
[EventType "tourn"]
[EventCountry "SUI"]
[SourceTitle "playchess.com"]
[Source "ChessBase"]
[SourceQuality "1"]

{[%evp 22,89,22,39,61,58,52,35,38,40,40,38,42,48,83,82,84,84,87,79,89,85,95,93,86,89,93,91,91,96,88,28,60,10,10,9,14,12,29,29,31,12,35,34,19,0,0,0,26,6,20,0,45,45,53,58,48,4,4,0,0,0,0,0,0,0,0,0,2,3]} 1. d4 Nf6 2. Nf3 e6 3. c4 d5 4. Nc3 c5 5. e3 a6 6. a3 dxc4 7. Bxc4 b5 8. Ba2 Bb7 9. O-O Be7 10. Qe2 cxd4 11. Rd1 Nc6 12. exd4 {[#] LiveBook: 5 Games. Black must now prevent d5.} Nd5 {D40: Queen's Gambit Declined: Semi-Tarrasch with 5 e3} 13. Nxd5 exd5 14. Bg5 $146 ({Predecessor:} 14. Bf4 O-O 15. Rac1 Rc8 16. b4 Re8 17. Qd3 g6 18. Re1 Qd7 19. h3 Bf8 20. Nd2 Rxe1+ 21. Rxe1 {0-1 (37) Schroter,T (2280)-Izsak,G (2400) Zalakaros 1997}) 14... O-O {White is slightly better.} 15. Bxe7 Nxe7 16. Rac1 Ng6 17. Re1 Bc8 18. Ne5 Nxe5 19. Qxe5 Be6 20. h3 Re8 21. Re3 f6 22. Qh5 Bf7 23. Rxe8+ Qxe8 24. Bxd5 Rd8 25. Bxf7+ Qxf7 $16 {[%mdl 4096] Endgame KQR-KQR} 26. Qg4 (26. Qc5 $16) 26... Qd7 $11 27. Qe4 Qxd4 28. Qe6+ Kf8 $1 29. b4 Qf4 30. Re1 {[#] White wants to mate with Qe7+.} Qd6 31. Qf5 Qd3 32. Qc5+ Qd6 33. Qh5 Qd3 34. Qc5+ Qd6 $1 35. Qe3 h6 36. g3 Qd7 37. Qe6 Qd6 38. h4 Qd2 39. Re3 a5 {The position is equal.} 40. bxa5 Qxa5 41. Qe7+ Kg8 42. Qb7 {And now Re7 would win.} Qa8 43. Re7 Qxb7 44. Rxb7 Ra8 45. Rxb5 {Precision: White = 48%, Black = 60%.} 1/2-1/2